[Event "Helmond Rapid op"]
[Site "Helmond"]
[Date "2025.05.03"]
[Round "6"]
[White "Pieper, Roy"]
[Black "Winter, Sven"]
[Result "0-1"]
[WhiteElo "1778"]
[BlackElo "2054"]
[PlyCount "88"]
[EventDate "2025.05.03"]
[EventType "swiss (rapid)"]
[EventRounds "9"]
[EventCountry "NED"]
[SourceTitle "CB19_2025"]
[SourceDate "2025.05.07"]
[SourceVersion "1"]
[SourceVersionDate "2025.05.07"]
[SourceQuality "1"]

1. d4 Nf6 2. Bf4 c5 3. d5 b5 4. f3 d6 5. e4 a6 6. a3 g6 7. Qd2 h5 8. h4 Bg7 9. c4 Qb6 10. Nc3 b4 11. Na4 Qa5 12. axb4 cxb4 13. Ra2 Bd7 14. b3 Nxe4 15. fxe4 Bxa4 16. Rxa4 Qxa4 17. bxa4 Bc3 18. Qxc3 bxc3 19. Rh3 Nd7 20. Ne2 Rc8 21. Nxc3 Nb6 22. e5 dxe5 23. Bxe5 0-0 24. a5 Nxc4 25. Bxc4 Rxc4 26. Kf2 Rfc8 27. Ne2 R8c5 28. Rc3 Rxc3 29. Bxc3 Rxd5 30. Nf4 Rc5 31. Bb4 Rc4 32. Nd3 e5 33. Be7 Ra4 34. Bd8 Rd4 35. Nc5 Rxd8 36. Nxa6 Ra8 37. Nb4 Rxa5 38. Nc6 Rc5 39. Nd8 Rc7 40. Ke3 Kf8 41. Ke4 Ke7 42. Nxf7 Kxf7 43. Kxe5 Rc4 44. g3 Rg4 0-1

[Event "NED-ch U13"]
[Site "Rijswijk"]
[Date "2005.05.07"]
[Round "7"]
[White "Claushuis, Michael"]
[Black "Pieper, Roy"]
[Result "1-0"]
[WhiteElo "1446"]
[BlackElo "1316"]
[PlyCount "69"]
[EventDate "2005.05.05"]
[EventType "swiss"]
[EventRounds "9"]
[EventCountry "NED"]
[SourceTitle "EXT 2013"]
[Source "ChessBase"]
[SourceDate "2012.11.22"]
[SourceVersion "1"]
[SourceVersionDate "2012.11.22"]
[SourceQuality "1"]

1. e4 e5 2. Nf3 Nc6 3. d4 f5 4. exf5 d6 5. dxe5 Bxf5 6. Bb5 Qe7 7. 0-0 dxe5 8. Bxc6+ bxc6 9. Qe2 Bg4 10. Nc3 Nf6 11. Bg5 h6 12. Bh4 Qe6 13. h3 Bh5 14. Bg3 Bd6 15. Rfe1 0-0 16. Qd3 Rad8 17. Nh4 Ba3 18. Qe3 Bxb2 19. Rab1 Bxc3 20. Qxc3 Rfe8 21. Bxe5 Qf5 22. Bxf6 Qxf6 23. Qxf6 gxf6 24. Rxe8+ Rxe8 25. g4 Bf7 26. Nf3 Bxa2 27. Ra1 Bd5 28. Nd4 c5 29. Nf5 Kh7 30. Rxa7 Re1+ 31. Kh2 Rh1+ 32. Kg3 Rg1+ 33. Kf4 Rf1 34. Rxc7+ Kg6 35. Rg7# 1-0

[Event "NED-ch U13"]
[Site "Rijswijk"]
[Date "2005.05.07"]
[Round "9"]
[White "Ekholm, Robin"]
[Black "Pieper, Roy"]
[Result "1-0"]
[WhiteElo "1285"]
[BlackElo "1316"]
[PlyCount "55"]
[EventDate "2005.05.05"]
[EventType "swiss"]
[EventRounds "9"]
[EventCountry "NED"]
[SourceTitle "EXT 2013"]
[Source "ChessBase"]
[SourceDate "2012.11.22"]
[SourceVersion "1"]
[SourceVersionDate "2012.11.22"]
[SourceQuality "1"]

1. e4 e5 2. Nf3 Nf6 3. Nc3 Nc6 4. Bc4 Nxe4 5. Bxf7+ Kxf7 6. Nxe4 d5 7. Ng3 Kg8 8. d3 Be7 9. 0-0 h6 10. Re1 Bd6 11. d4 e4 12. Nd2 Bxg3 13. hxg3 Nxd4 14. Nb3 Nxb3 15. axb3 Be6 16. f3 Bf5 17. Bf4 Kh7 18. Qd4 Re8 19. Kf2 e3+ 20. Rxe3 Rxe3 21. Qxe3 Bxc2 22. Rc1 Bg6 23. Rxc7 Rc8 24. Rxb7 Rc2+ 25. Kg1 Rxb2 26. Qe5 Rb1+ 27. Kh2 Qf6 28. Qxf6 1-0

[Event "NED-ch U13"]
[Site "Rijswijk"]
[Date "2005.05.06"]
[Round "6"]
[White "De Vries, Joel"]
[Black "Pieper, Roy"]
[Result "1-0"]
[WhiteElo "1446"]
[BlackElo "1316"]
[PlyCount "79"]
[EventDate "2005.05.05"]
[EventType "swiss"]
[EventRounds "9"]
[EventCountry "NED"]
[SourceTitle "EXT 2013"]
[Source "ChessBase"]
[SourceDate "2012.11.22"]
[SourceVersion "1"]
[SourceVersionDate "2012.11.22"]
[SourceQuality "1"]

1. e4 e5 2. Nf3 Nc6 3. d4 f5 4. d5 Nb8 5. Nxe5 Qe7 6. Qh5+ g6 7. Nxg6 Qf7 8. exf5 Nf6 9. Qe2+ Be7 10. Nxh8 Qg8 11. Nc3 Qxh8 12. Bg5 d6 13. Nb5 Na6 14. 0-0-0 Bxf5 15. Nd4 Bg6 16. Re1 Qg7 17. Ne6 Qf7 18. Qf3 c6 19. Bxa6 bxa6 20. Nc7+ Kd7 21. Nxa8 Nxd5 22. Qxf7 Bxf7 23. Bxe7 Nxe7 24. Re3 Bxa2 25. b3 Nd5 26. Rh3 Nf4 27. Rxh7+ Ke6 28. Nc7+ Ke5 29. Nxa6 Nxg2 30. Nb4 Bxb3 31. cxb3 c5 32. Nc6+ Ke4 33. Nxa7 d5 34. Rc7 Kd4 35. Rd1+ Kc3 36. Rxc5+ Kxb3 37. Kd2 Kb2 38. Rb5+ Ka2 39. Kc3 Ka3 40. Ra1# 1-0

[Event "NED-ch U13"]
[Site "Rijswijk"]
[Date "2005.05.05"]
[Round "2"]
[White "Pieper, Roy"]
[Black "Donkers, Joran"]
[Result "0-1"]
[WhiteElo "1316"]
[BlackElo "1461"]
[PlyCount "138"]
[EventDate "2005.05.05"]
[EventType "swiss"]
[EventRounds "9"]
[EventCountry "NED"]
[SourceTitle "EXT 2013"]
[Source "ChessBase"]
[SourceDate "2012.11.22"]
[SourceVersion "1"]
[SourceVersionDate "2012.11.22"]
[SourceQuality "1"]

1. e4 e6 2. d4 d5 3. e5 c5 4. c4 dxc4 5. Bxc4 cxd4 6. Nf3 Nc6 7. Bb5 Bd7 8. Bxc6 Bxc6 9. Qxd4 Qxd4 10. Nxd4 Bxg2 11. Rg1 Bd5 12. Nb5 Kd7 13. N1c3 a6 14. Nxd5 exd5 15. Nd4 Bc5 16. Nf3 g6 17. Be3 Bxe3 18. fxe3 f6 19. 0-0-0 Rc8+ 20. Kb1 Ke6 21. exf6 Nxf6 22. Ng5+ Ke7 23. a3 Rc5 24. Nf3 Rhc8 25. h3 Rc2 26. Rc1 Rxc1+ 27. Rxc1 Rxc1+ 28. Kxc1 Ke6 29. Ng5+ Kf5 30. Nf7 b6 31. Kd2 Ne4+ 32. Kd3 Nf2+ 33. Kd4 Nxh3 34. Kxd5 Nf2 35. Nd6+ Kf6 36. e4 h5 37. e5+ Ke7 38. Nc8+ Ke8 39. Nxb6 Nd3 40. Kd6 Nf4 41. Nd5 Nxd5 42. Kxd5 Ke7 43. Ke4 h4 44. Kf4 g5+ 45. Kg4 Ke6 46. b4 Kxe5 47. a4 Kd5 48. b5 axb5 49. axb5 Kc5 50. b6 Kxb6 51. Kh3 Kc5 52. Kg4 Kd4 53. Kf3 Ke5 54. Kg4 Kf6 55. Kf3 Kf5 56. Kg2 Kf4 57. Kf2 h3 58. Kg1 Kf3 59. Kh2 g4 60. Kg1 g3 61. Kh1 g2+ 62. Kg1 h2+ 63. Kxh2 Kf2 64. Kh3 g1Q 65. Kh4 Kf3 66. Kh5 Kf4 67. Kh6 Kf5 68. Kh7 Kf6 69. Kh8 Qg7# 0-1